[Event "Open Praha 2016"]
[Site "Praha CZE"]
[Date "2016.01.09"]
[Round "3.14"]
[White "Gungl, Theo"]
[Black "Matsenko, Andrei"]
[Result "0-1"]
[WhiteElo "2062"]
[BlackElo "2347"]
[PlyCount "76"]
[EventDate "2016.01.08"]
[EventType "swiss"]
[EventRounds "9"]
[EventCountry "CZE"]
[Source "lmi"]
[SourceDate "2016.01.08"]

1. e4 e6 2. d4 d5 3. Nd2 Nc6 4. Ngf3 Nf6 5. e5 Nd7 6. Be2 f6 7. exf6 Qxf6 8.
Nf1 Bd6 9. Bg5 Qf7 10. Ne3 O-O 11. O-O Nf6 12. c4 Ne4 13. c5 Bxh2+ 14. Kxh2
Nxg5 15. Nxg5 Qf4+ 16. g3 Qxg5 17. Ng4 e5 18. dxe5 Bxg4 19. Bxg4 Nxe5 20. Be6+
Kh8 21. Kg2 Ng6 22. Bg4 c6 23. f4 Qf6 24. Qc2 Rfe8 25. Rae1 Nf8 26. Re2 Re7 27.
Rfe1 Rae8 28. a3 Kg8 29. b4 Kf7 30. Re5 Kg8 31. Rf5 Qxf5 32. Bxf5 Rxe1 33. Bd3
h6 34. Kh3 R8e3 35. Qd2 Nd7 36. Bg6 Nf6 37. Qf2 Rh1+ 38. Kg2 Rh2+ 0-1

[Event "Open Praha 2016"]
[Site "Praha CZE"]
[Date "2016.01.09"]
[Round "3.15"]
[White "Koehler, Gerhard"]
[Black "Sergeev, Vladimir"]
[Result "1/2-1/2"]
[WhiteElo "2202"]
[BlackElo "2452"]
[PlyCount "54"]
[EventDate "2016.01.08"]
[EventType "swiss"]
[EventRounds "9"]
[EventCountry "CZE"]
[Source "lmi"]
[SourceDate "2016.01.08"]

1. c4 g6 2. Nc3 Bg7 3. d4 d6 4. e4 Nf6 5. Be2 O-O 6. Nf3 Nbd7 7. O-O e5 8. Re1
h6 9. Rb1 Nh7 10. Bf1 Ng5 11. Nxg5 exd4 12. Nb5 hxg5 13. Nxd4 g4 14. Nc2 Ne5
15. Bf4 Be6 16. b3 c5 17. Qd2 Qe7 18. Rbd1 Rad8 19. Ne3 Rd7 20. Be2 Qh4 21. Nd5
Bxd5 22. Qxd5 Re8 23. Qd2 Bf6 24. Bg3 Qh8 25. Qf4 Bg7 26. Qd2 b6 27. Qd5 Qh6
1/2-1/2

[Event "Open Praha 2016"]
[Site "Praha CZE"]
[Date "2016.01.10"]
[Round "4.1"]
[White "Atalik, Ekaterina"]
[Black "Jurcik, Marian"]
[Result "1/2-1/2"]
[WhiteElo "2378"]
[BlackElo "2500"]
[PlyCount "34"]
[EventDate "2016.01.08"]
[EventType "swiss"]
[EventRounds "9"]
[EventCountry "CZE"]
[Source "lmi"]
[SourceDate "2016.01.08"]

1. d4 Nf6 2. c4 g6 3. Nc3 Bg7 4. e4 d6 5. Nf3 O-O 6. h3 Qe8 7. Be2 Na6 8. Be3
c6 9. Nd2 Nc7 10. O-O a6 11. d5 c5 12. e5 Nd7 13. exd6 exd6 14. Nde4 Qe7 15.
Qd2 Ne8 16. Rae1 b6 17. Kh1 Ra7 1/2-1/2

[Event "Open Praha 2016"]
[Site "Praha CZE"]
[Date "2016.01.10"]
[Round "4.2"]
[White "Shevchenko, Kirill"]
[Black "Teske, Henrik"]
[Result "1/2-1/2"]
[WhiteElo "2373"]
[BlackElo "2461"]
[PlyCount "80"]
[EventDate "2016.01.08"]
[EventType "swiss"]
[EventRounds "9"]
[EventCountry "CZE"]
[Source "lmi"]
[SourceDate "2016.01.08"]

1. e4 e6 2. d4 d5 3. Nc3 Bb4 4. e5 c5 5. a3 Ba5 6. b4 cxd4 7. Nb5 Bc7 8. f4 Ne7
9. Nf3 Bd7 10. Nxc7+ Qxc7 11. Bd3 a6 12. O-O Nbc6 13. Bb2 Rc8 14. Qe1 h6 15. a4
Nf5 16. b5 Nce7 17. Nxd4 O-O 18. g4 Nxd4 19. Bxd4 Ra8 20. Qe3 axb5 21. axb5
Rxa1 22. Rxa1 Rc8 23. Ra7 Rb8 24. Bb6 Qc8 25. Bc5 Ng6 26. Bd6 Ra8 27. b6 Bc6
28. f5 d4 29. Qxd4 Nh4 30. Qa1 Rxa7 31. bxa7 b6 32. fxe6 fxe6 33. Qa6 Qd8 34.
Be2 Nf3+ 35. Bxf3 Bxf3 36. Qd3 Ba8 37. Qb5 Kh7 38. Qd3+ Kg8 39. Qc4 Bd5 40. Qc7
Qh4 1/2-1/2

[Event "Open Praha 2016"]
[Site "Praha CZE"]
[Date "2016.01.10"]
[Round "4.3"]
[White "Gavrilov, Alexei"]
[Black "Lokander, Martin"]
[Result "1-0"]
[WhiteElo "2425"]
[BlackElo "2369"]
[PlyCount "115"]
[EventDate "2016.01.08"]
[EventType "swiss"]
[EventRounds "9"]
[EventCountry "CZE"]
[Source "lmi"]
[SourceDate "2016.01.08"]

1. d4 Nf6 2. c4 g6 3. Nc3 d5 4. cxd5 Nxd5 5. e4 Nxc3 6. bxc3 Bg7 7. Qa4+ Nd7 8.
Nf3 O-O 9. Bg5 c5 10. Rc1 h6 11. Be3 a6 12. Qa3 b6 13. Bd3 Bb7 14. d5 Qc7 15.
c4 b5 16. Rb1 e6 17. O-O exd5 18. exd5 Rfe8 19. Qc1 Kh7 20. Rd1 b4 21. h4 h5
22. Bc2 Nb6 23. Bf4 Qd7 24. Ng5+ Kg8 25. Ne4 Rxe4 26. Bxe4 Na4 27. Re1 Nc3 28.
Rb2 a5 29. Bd3 a4 30. Be5 Qg4 31. Bxg7 Kxg7 32. Rc2 Qxh4 33. Rxc3 bxc3 34.
Qxc3+ Qf6 35. Qxf6+ Kxf6 36. Rb1 Bc8 37. f4 Bd7 38. Rb6+ Ke7 39. Kf2 Kd8 40.
Be4 Kc8 41. f5 gxf5 42. Bf3 Kc7 43. Rf6 Rb8 44. Ke3 a3 45. Ra6 Rb6 46. Rxa3 Rb4
47. Be2 Kd6 48. Kf4 Bb5 49. Rb3 Rxc4+ 50. Bxc4 Bxc4 51. Rb6+ Kxd5 52. a4 Bf1
53. g3 c4 54. Ke3 c3 55. Rf6 Ke5 56. Rc6 h4 57. gxh4 f4+ 58. Kf2 1-0

[Event "Open Praha 2016"]
[Site "Praha CZE"]
[Date "2016.01.10"]
[Round "4.4"]
[White "Rzayev, Bahruz"]
[Black "Ivanov, Mikhail M"]
[Result "1/2-1/2"]
[WhiteElo "2400"]
[BlackElo "2359"]
[PlyCount "37"]
[EventDate "2016.01.08"]
[EventType "swiss"]
[EventRounds "9"]
[EventCountry "CZE"]
[Source "lmi"]
[SourceDate "2016.01.08"]

1. e4 c5 2. Nf3 Nc6 3. Bb5 d6 4. O-O Bd7 5. Re1 Nf6 6. c3 a6 7. Bf1 e5 8. h3
Be7 9. d4 Qc7 10. a4 O-O 11. d5 Na5 12. b4 cxb4 13. cxb4 Nc4 14. a5 Rfc8 15.
Qb3 b5 16. axb6 Nxb6 17. Na3 Qb7 18. Bd2 Ne8 19. Bd3 1/2-1/2

[Event "Open Praha 2016"]
[Site "Praha CZE"]
[Date "2016.01.10"]
[Round "4.5"]
[White "Matsenko, Andrei"]
[Black "Gundavaa, Bayarsaikhan"]
[Result "0-1"]
[WhiteElo "2347"]
[BlackElo "2507"]
[PlyCount "58"]
[EventDate "2016.01.08"]
[EventType "swiss"]
[EventRounds "9"]
[EventCountry "CZE"]
[Source "lmi"]
[SourceDate "2016.01.08"]

1. e4 e5 2. Nf3 Nc6 3. Bb5 a6 4. Ba4 Nf6 5. d3 d6 6. c3 g6 7. Nbd2 Bg7 8. Nf1
O-O 9. Ng3 b5 10. Bc2 d5 11. Qe2 Be6 12. b3 d4 13. Bb2 dxc3 14. Bxc3 Ne8 15.
O-O b4 16. Bb2 Nd6 17. a4 Nb7 18. Qe3 Qd6 19. Nd2 Rad8 20. Ne2 Qc5 21. Nc4 Bxc4
22. bxc4 Qxe3 23. fxe3 Nc5 24. Nc1 Rd6 25. Re1 Rfd8 26. a5 Rb8 27. Re2 b3 28.
Bb1 Nb4 29. Ba3 f5 0-1

[Event "Open Praha 2016"]
[Site "Praha CZE"]
[Date "2016.01.10"]
[Round "4.6"]
[White "Frolov, Artur"]
[Black "Stoynov, Ivan"]
[Result "1-0"]
[WhiteElo "2499"]
[BlackElo "2284"]
[PlyCount "85"]
[EventDate "2016.01.08"]
[EventType "swiss"]
[EventRounds "9"]
[EventCountry "CZE"]
[Source "lmi"]
[SourceDate "2016.01.08"]

1. e4 c5 2. Nf3 Nc6 3. d4 cxd4 4. Nxd4 Nf6 5. Nc3 d6 6. Bc4 Bd7 7. O-O g6 8.
Nb3 Bg7 9. f4 O-O 10. Kh1 a6 11. Bd3 a5 12. a4 Nb4 13. Be3 Nxd3 14. cxd3 Bc6
15. Nd4 Qd7 16. f5 e6 17. Qd2 exf5 18. exf5 Ng4 19. Bg1 Rae8 20. Qg5 Nf6 21.
Nxc6 Qxc6 22. fxg6 fxg6 23. Qxa5 Re5 24. Qb6 Qd7 25. h3 Rfe8 26. Bd4 Rf5 27.
Rxf5 gxf5 28. Qb5 Qc8 29. a5 Nh5 30. Qd5+ Qe6 31. Bxg7 Qxd5 32. Nxd5 Kxg7 33.
b4 Re5 34. b5 Nf6 35. Nxf6 Kxf6 36. a6 bxa6 37. bxa6 Re8 38. a7 Ra8 39. Ra5 d5
40. d4 f4 41. Kg1 Kf5 42. Rxd5+ Ke4 43. Ra5 1-0

[Event "Open Praha 2016"]
[Site "Praha CZE"]
[Date "2016.01.10"]
[Round "4.7"]
[White "Liu, Yi"]
[Black "Meister, Yakov"]
[Result "1/2-1/2"]
[WhiteElo "2268"]
[BlackElo "2446"]
[PlyCount "107"]
[EventDate "2016.01.08"]
[EventType "swiss"]
[EventRounds "9"]
[EventCountry "CZE"]
[Source "lmi"]
[SourceDate "2016.01.08"]

1. d4 d5 2. c4 e6 3. Nf3 Nf6 4. Nc3 dxc4 5. e3 a6 6. a4 c5 7. Bxc4 Qc7 8. Qe2
Nc6 9. O-O Bd6 10. d5 exd5 11. Nxd5 Nxd5 12. Bxd5 O-O 13. b3 Rb8 14. Bb2 Nb4
15. Bc4 h6 16. Qd2 Re8 17. Qc3 Bf8 18. Ne5 Be6 19. Rfd1 Rbd8 20. Rxd8 Qxd8 21.
e4 Bxc4 22. Qxc4 Qc7 23. Ng6 Qc6 24. Nxf8 Kxf8 25. f3 Rd8 26. Qc3 f6 27. Ba3
Rd3 28. Qc1 Qd6 29. Qc4 b5 30. axb5 axb5 31. Qc1 Rxb3 32. Bxb4 Rxb4 33. h4 Ra4
34. Rb1 Rd4 35. Qa3 Rd1+ 36. Rxd1 Qxd1+ 37. Kh2 Qd6+ 38. Kh3 Ke7 39. g4 Qc7 40.
Qb3 c4 41. Qb4+ Ke6 42. Qxb5 c3 43. Qd5+ Ke7 44. Qg8 Qe5 45. Qxg7+ Kd6 46. Qxh6
Kc5 47. h5 c2 48. Qd2 Qb2 49. Qd5+ Kb4 50. Qd6+ Kb3 51. Qe6+ Ka3 52. Qa6+ Kb4
53. Qb6+ Ka3 54. Qa6+ 1/2-1/2

[Event "Open Praha 2016"]
[Site "Praha CZE"]
[Date "2016.01.10"]
[Round "4.8"]
[White "Manik, Mikulas"]
[Black "Svana, Peter"]
[Result "1-0"]
[WhiteElo "2406"]
[BlackElo "2272"]
[PlyCount "59"]
[EventDate "2016.01.08"]
[EventType "swiss"]
[EventRounds "9"]
[EventCountry "CZE"]
[Source "lmi"]
[SourceDate "2016.01.08"]

1. e4 c5 2. Nf3 d6 3. d4 cxd4 4. Nxd4 Nf6 5. Nc3 a6 6. Bg5 e6 7. f4 Nbd7 8. Qf3
Be7 9. O-O-O h6 10. Bh4 Qc7 11. Be2 b5 12. Bxf6 Nxf6 13. e5 Bb7 14. Qg3 dxe5
15. fxe5 Nd7 16. Nxe6 fxe6 17. Bh5+ Kd8 18. Qxg7 Rf8 19. Bg4 Re8 20. Kb1 Qc4
21. b3 Qc6 22. Ne2 Bc5 23. Nd4 Bxd4 24. Rxd4 Rc8 25. Rd2 Rc7 26. Bh5 Qc3 27.
Rhd1 Bd5 28. Bxe8 Kxe8 29. Rf2 Qc5 30. Qf7+ 1-0

[Event "Open Praha 2016"]
[Site "Praha CZE"]
[Date "2016.01.10"]
[Round "4.9"]
[White "Gluckman, David"]
[Black "Schmidt-Schaeffer, Sebastian"]
[Result "0-1"]
[WhiteElo "2219"]
[BlackElo "2381"]
[PlyCount "76"]
[EventDate "2016.01.08"]
[EventType "swiss"]
[EventRounds "9"]
[EventCountry "CZE"]
[Source "lmi"]
[SourceDate "2016.01.08"]

1. d4 f5 2. g3 Nf6 3. Bg2 e6 4. Nf3 Be7 5. O-O O-O 6. c4 d5 7. b3 Nc6 8. Ba3
Bxa3 9. Nxa3 Ne4 10. e3 b6 11. Qc1 Bb7 12. Rd1 Qe7 13. Nb5 Rad8 14. Qa3 Qf7 15.
Rac1 a6 16. cxd5 exd5 17. Rxc6 Bxc6 18. Ne5 Qf6 19. Nxc7 Bb7 20. Bf1 b5 21. Qa5
Qd6 22. a4 Rc8 23. Rc1 b4 24. Rc2 Rf6 25. Bxa6 Rxc7 26. Rxc7 Qxa6 27. Qxb4 Qe2
28. Nd3 Nd2 29. Rxg7+ Kxg7 30. Qe7+ Kg8 31. Qe8+ Rf8 32. Qe6+ Rf7 33. Qe8+ Kg7
34. Qe5+ Kf8 35. Qb8+ Bc8 36. Qd6+ Ke8 37. Qe5+ Re7 38. Qh8+ Kd7 0-1

[Event "Open Praha 2016"]
[Site "Praha CZE"]
[Date "2016.01.10"]
[Round "4.10"]
[White "Kierzek, Matthias"]
[Black "Plischki, Sebastian"]
[Result "0-1"]
[WhiteElo "2244"]
[BlackElo "2377"]
[PlyCount "92"]
[EventDate "2016.01.08"]
[EventType "swiss"]
[EventRounds "9"]
[EventCountry "CZE"]
[Source "lmi"]
[SourceDate "2016.01.08"]

1. d4 d5 2. c4 c6 3. Nf3 Nf6 4. Nc3 a6 5. a4 e6 6. Bg5 a5 7. e3 Be7 8. Be2 O-O
9. O-O Na6 10. Qb3 Nb4 11. Rac1 b6 12. Ne5 Bb7 13. Rfd1 Nd7 14. Bxe7 Qxe7 15.
Nxd7 Qxd7 16. cxd5 exd5 17. Na2 Qe7 18. Nxb4 axb4 19. Bf3 Rfd8 20. Qc2 g6 21.
b3 Rac8 22. a5 c5 23. dxc5 Rxc5 24. Qd2 bxa5 25. Qd4 Rdc8 26. Rxc5 Qxc5 27. Qf6
Qc3 28. Qb6 Qc7 29. Qf6 Qd8 30. Qxd8+ Rxd8 31. g3 Kf8 32. Ra1 Ra8 33. Rd1 Ke7
34. Bxd5 Rd8 35. e4 Bxd5 36. exd5 Kd6 37. Rc1 Ra8 38. Rd1 a4 39. bxa4 Rxa4 40.
Kg2 b3 41. Kf3 b2 42. Rb1 Rb4 43. Ke3 Kxd5 44. Kd3 Rb3+ 45. Kc2 Kc4 46. Kd2 Rb7
0-1

[Event "Open Praha 2016"]
[Site "Praha CZE"]
[Date "2016.01.10"]
[Round "4.13"]
[White "Jelinek, Michal"]
[Black "Mikalsen, Erlend"]
[Result "0-1"]
[WhiteElo "2193"]
[BlackElo "2314"]
[PlyCount "78"]
[EventDate "2016.01.08"]
[EventType "swiss"]
[EventRounds "9"]
[EventCountry "CZE"]
[Source "lmi"]
[SourceDate "2016.01.08"]

1. d4 Nf6 2. c4 e6 3. Nc3 Bb4 4. Qc2 O-O 5. a3 Bxc3+ 6. Qxc3 d5 7. Bg5 dxc4 8.
Qxc4 b6 9. Nf3 Ba6 10. Qc2 h6 11. Bxf6 Qxf6 12. g3 c5 13. Bg2 Bb7 14. dxc5 Rc8
15. O-O Rxc5 16. Qa4 Nc6 17. b4 b5 18. Qb3 Rc3 19. Qa2 a5 20. Nd2 axb4 21. Ne4
Qe5 22. Nxc3 Rxa3 23. Qxa3 bxa3 24. Rxa3 b4 25. Rb3 Na5 26. Rxb4 Bxg2 27. Kxg2
Qxc3 28. Rfb1 Nc6 29. Rb7 Nd4 30. Ra7 Nxe2 31. Rb8+ Kh7 32. Rbb7 f5 33. Rc7 Qe5
34. f4 Qb2 35. Kf1 Nc1 36. Rab7 Nb3 37. Kg1 Qd4+ 38. Kg2 Nc5 39. Ra7 Nd3 0-1

[Event "Open Praha 2016"]
[Site "Praha CZE"]
[Date "2016.01.10"]
[Round "4.17"]
[White "Ripari, Marcelo"]
[Black "Yakimenko, Alexander A"]
[Result "1-0"]
[WhiteElo "2310"]
[BlackElo "2195"]
[PlyCount "81"]
[EventDate "2016.01.08"]
[EventType "swiss"]
[EventRounds "9"]
[EventCountry "CZE"]
[Source "lmi"]
[SourceDate "2016.01.08"]

1. e4 e6 2. Nf3 d5 3. Nc3 Nf6 4. e5 Nfd7 5. d4 a6 6. a3 c5 7. dxc5 Qc7 8. Bf4
Nc6 9. Bd3 Nxc5 10. h4 Bd7 11. h5 Be7 12. Qd2 Qb6 13. O-O h6 14. Rfe1 Nxd3 15.
Qxd3 O-O 16. Qd2 Rfd8 17. Ne2 Bf8 18. Nh2 Rac8 19. Ng4 Ne7 20. Ne3 Qa7 21. c3
b5 22. Nd4 a5 23. Nec2 Qb6 24. Re3 Nc6 25. Rg3 Kh8 26. Nxc6 Bxc6 27. Be3 Qb7
28. Bd4 Be8 29. b4 Ra8 30. Re1 axb4 31. axb4 Ra2 32. Qd3 Rda8 33. f4 Qc8 34.
Ne3 R8a3 35. f5 Bxb4 36. f6 Bf8 37. Ng4 Qc4 38. Qe3 b4 39. fxg7+ Bxg7 40. Nf6
Rxc3 41. Qxh6+ 1-0

[Event "Open Praha 2016"]
[Site "Praha CZE"]
[Date "2016.01.10"]
[Round "4.18"]
[White "Hoefelsauer, Thomas"]
[Black "Jascenko, Olga"]
[Result "1-0"]
[WhiteElo "2304"]
[BlackElo "2192"]
[PlyCount "49"]
[EventDate "2016.01.08"]
[EventType "swiss"]
[EventRounds "9"]
[EventCountry "CZE"]
[Source "lmi"]
[SourceDate "2016.01.08"]

1. Nf3 e6 2. c4 Nf6 3. g3 d5 4. Bg2 Nbd7 5. b3 Be7 6. Bb2 O-O 7. O-O c6 8. d4
Ne4 9. Nfd2 Nd6 10. e4 dxe4 11. Nxe4 Nf5 12. Na3 Nf6 13. Nc2 Rb8 14. Ne3 Nxe4
15. Bxe4 Bf6 16. Nxf5 exf5 17. Bf3 c5 18. Qd2 b5 19. cxb5 cxd4 20. Rfd1 Bb7 21.
Bc6 Bxc6 22. bxc6 Rb6 23. Rac1 Qc8 24. c7 Re8 25. Bxd4 1-0

[Event "Open Praha 2016"]
[Site "Praha CZE"]
[Date "2016.01.10"]
[Round "4.20"]
[White "Eriksson, Christian Altenburg"]
[Black "Wisniewski, Michal"]
[Result "0-1"]
[WhiteElo "2190"]
[BlackElo "2270"]
[PlyCount "50"]
[EventDate "2016.01.08"]
[EventType "swiss"]
[EventRounds "9"]
[EventCountry "CZE"]
[Source "lmi"]
[SourceDate "2016.01.08"]

1. e4 c5 2. c3 d5 3. exd5 Qxd5 4. d4 Nc6 5. Nf3 Bf5 6. Be2 cxd4 7. Nxd4 Rd8 8.
Be3 e5 9. Nxc6 Qxc6 10. Nd2 Nf6 11. Qb3 a6 12. Qb6 Qc8 13. Nf3 Nd5 14. Qa5 f6
15. O-O Nxe3 16. fxe3 Bc5 17. Kf2 O-O 18. Rfd1 Bc2 19. Rxd8 Rxd8 20. Re1 Kh8
21. Bf1 Rd5 22. Nd4 exd4 23. cxd4 Rf5+ 24. Kg1 Bxd4 25. Qd2 Bb6 0-1

[Event "Open Praha 2016"]
[Site "Praha CZE"]
[Date "2016.01.10"]
[Round "4.24"]
[White "Ilandzis, Spyridon"]
[Black "Olsarova, Karolina"]
[Result "0-1"]
[WhiteElo "2136"]
[BlackElo "2252"]
[PlyCount "84"]
[EventDate "2016.01.08"]
[EventType "swiss"]
[EventRounds "9"]
[EventCountry "CZE"]
[Source "lmi"]
[SourceDate "2016.01.08"]

1. d4 Nf6 2. c4 e6 3. Nf3 Bb4+ 4. Nbd2 b6 5. a3 Bxd2+ 6. Bxd2 Bb7 7. Bg5 d6 8.
e3 Nbd7 9. Nd2 h6 10. Bh4 Qe7 11. f3 e5 12. d5 a5 13. b4 O-O 14. Bd3 Ra7 15.
O-O Rfa8 16. Rb1 axb4 17. axb4 Qe8 18. Ne4 Nxe4 19. fxe4 Ra3 20. Rb3 Nf8 21.
Rxa3 Rxa3 22. Be2 Ng6 23. Qc1 Ra2 24. Bh5 Nxh4 25. Bxf7+ Qxf7 26. Rxf7 Rxg2+
27. Kh1 Kxf7 28. c5 bxc5 29. bxc5 Bc8 30. cxd6 Bh3 31. Qf1+ Kg8 32. dxc7 Rc2
33. c8=Q+ Rxc8 34. Qd1 Rf8 35. d6 Kh7 36. Kg1 Rf7 37. Qa1 Ng6 38. Qb1 Nf8 39.
Qc1 Nd7 40. Qc4 Rf1+ 41. Qxf1 Bxf1 42. Kxf1 Kg6 0-1

[Event "Open Praha 2016"]
[Site "Praha CZE"]
[Date "2016.01.10"]
[Round "4.30"]
[White "Stefanov, Emil"]
[Black "Pochinkov, Andrey"]
[Result "1-0"]
[WhiteElo "2228"]
[BlackElo "2084"]
[PlyCount "41"]
[EventDate "2016.01.08"]
[EventType "swiss"]
[EventRounds "9"]
[EventCountry "CZE"]
[Source "lmi"]
[SourceDate "2016.01.08"]

1. Nf3 Nf6 2. c4 e6 3. Nc3 Bb4 4. Qc2 c5 5. a3 Bxc3 6. Qxc3 Nc6 7. e3 d6 8. b3
e5 9. Bb2 h6 10. d3 a5 11. Be2 Qe7 12. O-O Bg4 13. Rfe1 Nd7 14. Nxe5 Ncxe5 15.
Bxg4 Nxg4 16. Qxg7 Qh4 17. Qxh8+ Ke7 18. Qxa8 Qxh2+ 19. Kf1 Qh4 20. Bf6+ Kxf6
21. Qd8+ 1-0

[Event "Open Praha 2016"]
[Site "Praha CZE"]
[Date "2016.01.10"]
[Round "4.31"]
[White "Grove, Michael"]
[Black "Golcman, Evgeny"]
[Result "1-0"]
[WhiteElo "2056"]
[BlackElo "2221"]
[PlyCount "77"]
[EventDate "2016.01.08"]
[EventType "swiss"]
[EventRounds "9"]
[EventCountry "CZE"]
[Source "lmi"]
[SourceDate "2016.01.08"]

1. e4 e5 2. Nf3 Nc6 3. d4 exd4 4. Nxd4 Nf6 5. Nxc6 bxc6 6. Bd3 d5 7. Nc3 Be7 8.
O-O O-O 9. Qf3 Be6 10. Bg5 Ng4 11. Bxe7 Qxe7 12. exd5 cxd5 13. Nxd5 Qd6 14. Nf4
Bd7 15. Rad1 Qh6 16. Qg3 Nf6 17. h4 Bc6 18. Qg5 Qxg5 19. hxg5 Ng4 20. Bf5 Ne5
21. Nd5 Bxd5 22. Rxd5 Rfe8 23. Rc5 Re7 24. Rd1 f6 25. gxf6 gxf6 26. Rd4 Rae8
27. Ra4 Rg7 28. Kf1 Rge7 29. f3 Rd8 30. Re4 Rde8 31. b4 Kf8 32. Rd5 h6 33. Kf2
Rb8 34. a3 Rb6 35. Rd8+ Kg7 36. Ke2 Ra6 37. Rd3 Nxd3 38. Rxe7+ Kf8 39. Bxd3 1-0

[Event "Open Praha 2016"]
[Site "Praha CZE"]
[Date "2016.01.10"]
[Round "4.35"]
[White "Hradecky, Ivo"]
[Black "Kohlweyer, Bernd"]
[Result "0-1"]
[WhiteElo "2054"]
[BlackElo "2404"]
[PlyCount "75"]
[EventDate "2016.01.08"]
[EventType "swiss"]
[EventRounds "9"]
[EventCountry "CZE"]
[Source "lmi"]
[SourceDate "2016.01.08"]

1. d4 Nf6 2. c4 e6 3. Nc3 Bb4 4. e3 O-O 5. Nge2 c6 6. a3 Ba5 7. Ng3 d5 8. Bd3
Nbd7 9. O-O dxc4 10. Bxc4 e5 11. b4 Bc7 12. Bb3 Nb6 13. dxe5 Bxe5 14. Qc2 Qc7
15. Bb2 Be6 16. Rad1 Rfd8 17. Nf5 Qc8 18. Rfe1 Bxb3 19. Qxb3 Qe6 20. Qxe6 fxe6
21. Nd4 Bxd4 22. Rxd4 Rxd4 23. exd4 Kf7 24. b5 Rc8 25. f3 Nc4 26. Bc1 cxb5 27.
Nxb5 a6 28. Nc3 Nxa3 29. Bxa3 Rxc3 30. Bc5 Rb3 31. f4 g6 32. h3 h5 33. Bd6 Nd5
34. Rc1 Ke8 35. Be5 Kd7 36. Kf2 a5 37. g4 h4 38. f5 0-1

[Event "Open Praha 2016"]
[Site "Praha CZE"]
[Date "2016.01.10"]
[Round "4.36"]
[White "Pick, Stepan"]
[Black "Jurcik, Martin"]
[Result "0-1"]
[WhiteElo "2046"]
[BlackElo "2349"]
[PlyCount "68"]
[EventDate "2016.01.08"]
[EventType "swiss"]
[EventRounds "9"]
[EventCountry "CZE"]
[Source "lmi"]
[SourceDate "2016.01.08"]

1. g3 d5 2. Bg2 g6 3. f4 c6 4. Nc3 Bg7 5. e4 d4 6. Nb1 e5 7. Nf3 f6 8. d3 Nh6
9. O-O Nf7 10. c3 c5 11. cxd4 cxd4 12. a4 Nc6 13. Na3 Be6 14. b3 O-O 15. Bd2 f5
16. Nxe5 Nfxe5 17. fxe5 Nxe5 18. Bb4 Rf7 19. Nc4 Ng4 20. Bd2 Ne3 21. Bxe3 dxe3
22. Rb1 Rd7 23. Qc2 Rxd3 24. Rbd1 Rxd1 25. Rxd1 Qc7 26. Qd3 Qc5 27. Kh1 f4 28.
gxf4 Bg4 29. Re1 e2 30. Rxe2 Bxe2 31. Qxe2 Qd4 32. h3 Rd8 33. Kh2 Qd1 34. Qe3
Bd4 0-1

[Event "Open Praha 2016"]
[Site "Praha CZE"]
[Date "2016.01.11"]
[Round "5.1"]
[White "Jurcik, Marian"]
[Black "Gavrilov, Alexei"]
[Result "1/2-1/2"]
[WhiteElo "2500"]
[BlackElo "2425"]
[PlyCount "77"]
[EventDate "2016.01.08"]
[EventType "swiss"]
[EventRounds "9"]
[EventCountry "CZE"]
[Source "lmi"]
[SourceDate "2016.01.08"]

1. d4 Nf6 2. Bg5 d5 3. e3 g6 4. Nd2 Bg7 5. c3 O-O 6. Ngf3 Bf5 7. Qb3 b6 8. c4
c6 9. cxd5 cxd5 10. Rc1 Qd7 11. Bb5 Qb7 12. O-O a6 13. Be2 Nc6 14. Rc3 Ne4 15.
Nxe4 dxe4 16. Nd2 e5 17. Qd5 Na5 18. Qxb7 Nxb7 19. Rc7 Nd8 20. Be7 exd4 21.
Bxf8 Kxf8 22. exd4 Bxd4 23. g4 Be6 24. Nxe4 Bxa2 25. Ra1 Ne6 26. Rd7 Bb3 27.
Rxa6 Rxa6 28. Bxa6 Bxb2 29. Rd3 Bc2 30. Rd2 Nd4 31. Kf1 f5 32. gxf5 gxf5 33.
Nf6 Bc3 34. Rxc2 Nxc2 35. Nd7+ Kg7 36. Nxb6 Be5 37. h3 Nd4 38. Nc4 Bc7 39. Bb7
1/2-1/2

[Event "Open Praha 2016"]
[Site "Praha CZE"]
[Date "2016.01.11"]
[Round "5.2"]
[White "Gundavaa, Bayarsaikhan"]
[Black "Atalik, Ekaterina"]
[Result "0-1"]
[WhiteElo "2507"]
[BlackElo "2378"]
[PlyCount "88"]
[EventDate "2016.01.08"]
[EventType "swiss"]
[EventRounds "9"]
[EventCountry "CZE"]
[Source "lmi"]
[SourceDate "2016.01.08"]

1. e4 e6 2. d3 d5 3. Nd2 Nf6 4. Ngf3 b6 5. c3 Ba6 6. Be2 Be7 7. O-O O-O 8. Re1
c5 9. e5 Nfd7 10. Bf1 Qc7 11. Qa4 Bb7 12. Qg4 Nc6 13. d4 cxd4 14. cxd4 Nb4 15.
Re3 Nxa2 16. Rxa2 Qxc1 17. Rc3 Qd1 18. Rc7 Bc8 19. h4 Bb4 20. Qf4 a5 21. Qe3
Nb8 22. b3 Ba6 23. Rac2 Bxd2 24. Nxd2 Bxf1 25. Nxf1 Na6 26. Rc1 Qg4 27. Rb7
Qxh4 28. Rxb6 Nb4 29. Ng3 h6 30. Rb5 Rfc8 31. Rcc5 Rxc5 32. dxc5 Nc6 33. Rb6
Rc8 34. f4 Qg4 35. Rb7 Qd1+ 36. Kh2 Nd4 37. Qc3 h5 38. Rd7 h4 39. Ne4 Ne2 40.
Qe3 Qf1 41. Nf2 Ng3 42. c6 Rxc6 43. Qa7 Rc1 44. Kh3 Ne4 0-1

[Event "Open Praha 2016"]
[Site "Praha CZE"]
[Date "2016.01.11"]
[Round "5.3"]
[White "Plischki, Sebastian"]
[Black "Frolov, Artur"]
[Result "1/2-1/2"]
[WhiteElo "2377"]
[BlackElo "2499"]
[PlyCount "74"]
[EventDate "2016.01.08"]
[EventType "swiss"]
[EventRounds "9"]
[EventCountry "CZE"]
[Source "lmi"]
[SourceDate "2016.01.08"]

1. d4 Nf6 2. c4 g6 3. Nc3 Bg7 4. e4 d6 5. Be2 O-O 6. Bg5 h6 7. Be3 e5 8. d5 Na6
9. Qd2 Nc5 10. f3 Nh5 11. g3 Kh7 12. O-O-O a5 13. Re1 b6 14. Bd1 Ba6 15. b3 Bc8
16. Nge2 Re8 17. Bc2 Bd7 18. Kb2 f5 19. a3 fxe4 20. fxe4 Rf8 21. b4 Na6 22. Kb3
Qe8 23. Bd3 Rf3 24. Rhf1 Rxf1 25. Rxf1 Nf6 26. Nb5 Qe7 27. Nec3 Ng4 28. Bg1 h5
29. Qe2 Bh6 30. h3 Nf6 31. Qg2 Kg7 32. Be2 Bg5 33. h4 Bh6 34. Bf3 Qe8 35. Qe2
Bh3 36. Bg2 Bg4 37. Bf3 Bh3 1/2-1/2

[Event "Open Praha 2016"]
[Site "Praha CZE"]
[Date "2016.01.11"]
[Round "5.4"]
[White "Teske, Henrik"]
[Black "Kowalczyk, Pawel"]
[Result "1/2-1/2"]
[WhiteElo "2461"]
[BlackElo "2350"]
[PlyCount "89"]
[EventDate "2016.01.08"]
[EventType "swiss"]
[EventRounds "9"]
[EventCountry "CZE"]
[Source "lmi"]
[SourceDate "2016.01.08"]

1. d4 Nf6 2. Nf3 d5 3. c4 c6 4. e3 g6 5. Nc3 Bg7 6. Be2 O-O 7. O-O dxc4 8. Bxc4
b5 9. Bd3 a6 10. b3 c5 11. Bb2 cxd4 12. Nxd4 Bb7 13. Rc1 Qa5 14. Bb1 Rd8 15.
Qe2 Nbd7 16. Rfd1 e5 17. Nf3 e4 18. Nd4 Ne5 19. Qe1 h5 20. a4 h4 21. h3 Nd3 22.
Bxd3 exd3 23. Rxd3 b4 24. Nce2 Qg5 25. f3 Nd7 26. Qf2 Nc5 27. Rdd1 Nxb3 28. Rc7
Nc5 29. Rd2 Qe5 30. Nb5 Rxd2 31. Bxe5 Rd1+ 32. Kh2 Bxe5+ 33. Nf4 Bxc7 34. Nxc7
Rad8 35. e4 b3 36. Qb2 R1d2 37. Qf6 R8d6 38. Qe7 b2 39. Qe8+ Kg7 40. Qe5+ Kh6
41. Qh8+ Kg5 42. Qe5+ Kh6 43. Qh8+ Kg5 44. Qe5+ Kh6 45. Qh8+ 1/2-1/2

[Event "Open Praha 2016"]
[Site "Praha CZE"]
[Date "2016.01.11"]
[Round "5.5"]
[White "Ivanov, Mikhail M"]
[Black "Manik, Mikulas"]
[Result "1/2-1/2"]
[WhiteElo "2359"]
[BlackElo "2406"]
[PlyCount "20"]
[EventDate "2016.01.08"]
[EventType "swiss"]
[EventRounds "9"]
[EventCountry "CZE"]
[Source "lmi"]
[SourceDate "2016.01.08"]

1. d4 Nf6 2. c4 g6 3. Nc3 Bg7 4. e4 d6 5. Nf3 O-O 6. Be2 e5 7. dxe5 dxe5 8.
Qxd8 Rxd8 9. Bg5 c6 10. Nxe5 Re8 1/2-1/2